000 00438nam a2200181Ia 4500
008 230524s9999 xx 000 0 und d
020 _a0324318928
082 _a381.142
_bMAT
100 _aRobert L.Mathis
245 0 _aHuman Resource Management
250 _a10TH
260 _aNEW DELHI
_bThomson
_c2008
300 _aIII;405
500 _aQuantity Number: 5
650 _aManagement
700 _a John H.Jackson
942 _cBK
999 _c42088
_d42088